| 000 | 00628nam a2200193 4500 | ||
|---|---|---|---|
| 003 | LK-CoMWRAF | ||
| 005 | 20240119212757.0 | ||
| 008 | 230829b1995 |||||||| |||| 00| 0 eng d | ||
| 040 |
_aLK-CoMWRAF _dLK-CoMWRAF _eLK-CoMWRAF |
||
| 041 | _asin | ||
| 082 |
_a891.483 _bWET |
||
| 100 |
_aවෙත්තසිංහ, සිබිල් _vweththasinghe, Sybil |
||
| 245 | _aඅමුත්තා | ||
| 246 | _aAmuththa | ||
| 260 |
_aකොළඹ : _bමාර් ග ප්රකාශන, _c1995 |
||
| 490 | _aජනවාර් ගික සමගි වැඩසටහන | ||
| 650 | _aළමා කථා | ||
| 942 | _cBK | ||
| 999 |
_c3306 _d3306 |
||